000
00325nam a2200145Ia 4500
100
_a
Anderson Don/ Shanley/Tom
250
_a
2
942
_c
BK
654
_a
computer
245
_a
Pentium Processor Systems Architecture
260
_b
Microsoft Press
_a
Mumbai
_c
1995
300
_a
433
546
_a
ENGLISH
999
_c
22044
_d
22044